00736 2200253 4500001002100000005001700021008004100038020001800079035002400097082001100121090002100132100002000153245010300173250001100276260003700287300001800324500003600342650002800378700002200406700001800428850001500446985000600461999001500467YOGYA-0209000002833420090227024225.0 ind  a979-561-062-7 0010-020900000028334 a297.64 a297.64bHam IlT aHAMZAH, Kariman aIslam berbicara soal anakcKariman Hamzah; penerjemah H. Salim Basyarahil; penyunting Iffa Karimah aCet. 7 aJakartabGema Insani Pressc1995 a80 hlmc18 cm aJudul asli : Al Islam Walathfal aIslam - Pendidikan anak aBasyarahil, Salim aKarimah, Iffa aYOPDYOG(B) a1 a98P0106896